Nursing Education: (Record no. 595)

MARC details
000 -LEADER
Fixed length control field 00527nam a2200205Ia 4500
003 - CONTROL NUMBER IDENTIFIER
Control field IIN
005 - DATE AND TIME OF LATEST TRANSACTION
Control field 20250502130056.0
008 - FIXED-LENGTH DATA ELEMENTS--GENERAL INFORMATION
Fixed length control field 231217s9999 xx 000 0 und d
020 ## - INTERNATIONAL STANDARD BOOK NUMBER / ISBN
Price Rs.695.00
International Standard Book Number 9789389776942
040 ## - CATALOGING SOURCE
Original cataloging agency IIN
Language of cataloging English
082 ## - DEWEY DECIMAL CLASSIFICATION NUMBER
Classification number 610.7307
Book Number SUD
100 1# - MAIN ENTRY--PERSONAL NAME
Personal name Sudha, R.
245 1# - TITLE STATEMENT
Title Nursing Education:
Sub title Principles and Concepts/
Statement of responsibility R. Sudha
250 ## - EDITION STATEMENT
Edition statement 2nd ed.
260 ## - IMPRINT
Place of publication New Delhi
Name of publisher Jaypee
Date of publication 2021
300 ## - PHYSICAL DESCRIPTION
Page / Vol. No xvi, 431 p.
500 ## - GENERAL NOTE
General note Includes Index
650 1# - SUBJECT ADDED ENTRY--TOPICAL TERM
Topical term Education
Form subdivision Nursing
942 ## - ADDED ENTRY ELEMENTS (KOHA)
Koha item type Books
Holdings
Withdrawn status Lost status Source of classification Damaged status Not for loan Collection code Home library Current library Date acquired Price Total Checkouts Call number Accession number Date last seen Copy number Price effective from Koha item type Shelving location
    Dewey Decimal Classification       IDEAL INSTITUTE OF NURSING IDEAL INSTITUTE OF NURSING 17/12/2023 695.00   610.7307 SUD 590 17/12/2023 1 17/12/2023 Books  
    Dewey Decimal Classification       IDEAL INSTITUTE OF NURSING IDEAL INSTITUTE OF NURSING 17/12/2023 695.00   610.7307 SUD 591 17/12/2023 2 17/12/2023 Books  
    Dewey Decimal Classification       IDEAL INSTITUTE OF NURSING IDEAL INSTITUTE OF NURSING 17/12/2023 695.00   610.7307 SUD 592 17/12/2023 3 17/12/2023 Books  
    Dewey Decimal Classification       IDEAL INSTITUTE OF NURSING IDEAL INSTITUTE OF NURSING 17/12/2023 695.00   610.7307 SUD 593 17/12/2023 4 17/12/2023 Books  
    Dewey Decimal Classification       IDEAL INSTITUTE OF NURSING IDEAL INSTITUTE OF NURSING 17/12/2023 695.00   610.7307 SUD 594 17/12/2023 5 17/12/2023 Books  
    Dewey Decimal Classification     Purches Book IDEAL INSTITUTE OF NURSING IDEAL INSTITUTE OF NURSING 11/03/2025     610.7307 SUD 1977 02/05/2025 6 02/05/2025 Books General Stacks
© Ideal Institute Of Nursing, All rights reserved.         Powered by Koha